Куличи, блины, пасхи... Рецепты старинной кухни

Dades bibliogràfiques
Autor principal: Тинькова Г. Галина
Idioma:rus
Publicat: Москва, Вся Москва, 1990
Matèries:
Format: Llibre
KOHA link:https://koha.lib.tpu.ru/cgi-bin/koha/opac-detail.pl?biblionumber=227764

MARC

LEADER 00000nam0a2200000 4500
001 227764
005 20231101230824.0
010 |a 5711000039 
035 |a (RuTPU)RU\TPU\book\248203 
090 |a 227764 
100 |a 20121210d1990 m y0rusy50 ca 
101 0 |a rus 
102 |a RU 
105 |a y z 001zy 
200 1 |a Куличи, блины, пасхи... Рецепты старинной кухни  |f Г. Тинькова 
210 |a Москва  |c Вся Москва  |d 1990 
215 |a 64 с. 
606 1 |a Кулинария  |x Рецептура  |2 stltpush  |3 (RuTPU)RU\TPU\subj\16731  |9 42668 
610 1 |a блины 
610 1 |a приготовление 
610 1 |a рецепты 
675 |a 641.5  |v 3 
700 1 |a Тинькова  |b Г.  |g Галина 
801 1 |a RU  |b 63413507  |c 20121210 
801 2 |a RU  |b 63413507  |c 20121214  |g RCR 
942 |c BK